PARISALANA : BISHAY ARU PRATYAHBANSAMUH (Record no. 24436)
[ view plain ]
| 000 -LEADER | |
|---|---|
| fixed length control field | 00511nam a22001937a 4500 |
| 005 - DATE AND TIME OF LATEST TRANSACTION | |
| control field | 20201125111901.0 |
| 008 - FIXED-LENGTH DATA ELEMENTS--GENERAL INFORMATION | |
| fixed length control field | 201125b ||||| |||| 00| 0 eng d |
| 020 ## - INTERNATIONAL STANDARD BOOK NUMBER | |
| International Standard Book Number | 9788194338338 |
| 040 ## - CATALOGING SOURCE | |
| Transcribing agency | OCLC |
| 082 ## - DEWEY DECIMAL CLASSIFICATION NUMBER | |
| Classification number | 327.101 |
| Item number | DAS |
| 100 ## - MAIN ENTRY--PERSONAL NAME | |
| Personal name | DAS, DR. DIPEN |
| Relator term | AUTHOR |
| 245 ## - TITLE STATEMENT | |
| Title | PARISALANA : BISHAY ARU PRATYAHBANSAMUH |
| 250 ## - EDITION STATEMENT | |
| Edition statement | 1ST |
| 260 ## - PUBLICATION, DISTRIBUTION, ETC. | |
| Place of publication, distribution, etc. | DIBRUGARH |
| Name of publisher, distributor, etc. | BANALATA |
| Date of publication, distribution, etc. | JUN 2020 |
| 300 ## - PHYSICAL DESCRIPTION | |
| Extent | 342P; |
| Dimensions | 21CM |
| 700 1# - ADDED ENTRY--PERSONAL NAME | |
| Personal name | DAS, BAIKUNTHA |
| Relator term | AUTHOR |
| 700 1# - ADDED ENTRY--PERSONAL NAME | |
| Personal name | BISWAS, DHANANJAI |
| Relator term | AUTHOR |
| 942 ## - ADDED ENTRY ELEMENTS (KOHA) | |
| Source of classification or shelving scheme | Dewey Decimal Classification |
| Koha item type | Books |
| Withdrawn status | Lost status | Source of classification or shelving scheme | Damaged status | Not for loan | Collection code | Home library | Current library | Shelving location | Date acquired | Cost, normal purchase price | Total Checkouts | Full call number | Barcode | Date due | Date last seen | Date last checked out | Price effective from | Koha item type | Public note | Total Renewals |
|---|---|---|---|---|---|---|---|---|---|---|---|---|---|---|---|---|---|---|---|---|
| Dewey Decimal Classification | TBPSC | Central Library and Information Centre Sibsagar Girls College | Central Library and Information Centre Sibsagar Girls College | POLITICAL SC BOOK RACK | 29.02.2020 | 320.00 | 6 | 327.101 DAS | 43851 | 13.06.2026 | 30.05.2026 | 30.05.2026 | 25.11.2020 | Books | V | |||||
| Dewey Decimal Classification | TBPSC | Central Library and Information Centre Sibsagar Girls College | Central Library and Information Centre Sibsagar Girls College | POLITICAL SC BOOK RACK | 29.02.2020 | 320.00 | 9 | 327.101 DAS | 43852 | 04.06.2026 | 07.05.2026 | 25.11.2020 | Books | V | 1 | |||||
| Dewey Decimal Classification | TBPSC | Central Library and Information Centre Sibsagar Girls College | Central Library and Information Centre Sibsagar Girls College | POLITICAL SC BOOK RACK | 29.02.2020 | 320.00 | 8 | 327.101 DAS | 43853 | 04.06.2026 | 21.05.2026 | 21.05.2026 | 25.11.2020 | Books | V | 1 | ||||
| Dewey Decimal Classification | TBPSC | Central Library and Information Centre Sibsagar Girls College | Central Library and Information Centre Sibsagar Girls College | POLITICAL SC BOOK RACK | 29.02.2020 | 320.00 | 8 | 327.101 DAS | 43854 | 28.04.2026 | 01.04.2026 | 25.11.2020 | Books | V | ||||||
| Dewey Decimal Classification | TBPSC | Central Library and Information Centre Sibsagar Girls College | Central Library and Information Centre Sibsagar Girls College | POLITICAL SC BOOK RACK | 29.02.2020 | 320.00 | 7 | 327.101 DAS | 43855 | 06.04.2026 | 23.03.2026 | 25.11.2020 | Books | V |